Colección de documentos históricos del archivo del arzobispado de Santiago
Sparad:
| Materialtyp: | Bok |
|---|---|
| Språk: | spanska |
| Publicerad: |
Santiago
Imprenta Chile
1920
|
| Ämnen: | |
| Taggar: |
Lägg till en tagg
Inga taggar, Lägg till första taggen!
|
MARC
| LEADER | 00000nam a2200000 a 4500 | ||
|---|---|---|---|
| 001 | UCL3763 | ||
| 003 | CL-VaPUC | ||
| 008 | 031212e19200000CL |||||||||||||||||spa|d | ||
| 082 | 0 | 4 | |a 262 |b COL |2 21 |
| 245 | 1 | 0 | |a Colección de documentos históricos del archivo del arzobispado de Santiago |
| 300 | |a t | ||
| 942 | |c BK | ||
| 945 | |d 20031212 00:00:00 |a vberengu | ||
| 260 | |a Santiago |b Imprenta Chile |c 1920 | ||
| 500 | |a t.2: Cedulario I, 1548-1649 | ||
| 500 | |a t.3: Cedulario II, 1650-1699 | ||
| 500 | |a t.4: Cedulario III, 1700-1720 | ||
| 600 | 0 | 7 | |a ARZOBISPADO DE SANTIAGO |2 CL-VaPUC |9 405155 |
| 600 | 0 | |a Iglesia católica |9 255129 | |
| 650 | 0 | |a Reales Cédulas |9 387183 | |
| 651 | 7 | |a CHILE |2 CL-VaPUC |9 481165 | |
| 583 | |a last modification |c 20031212 00:00:00 |k Rodrigo Vera | ||
| 999 | |c 306771 |d 306769 | ||
| 952 | |0 0 |1 0 |4 0 |6 262_000000000000000_COL_1920 |7 0 |8 X |9 372044 |a BIBTEO |b BIBTEO |d 2019-11-21 |h t.2 |i 2097230 |o 262 COL 1920 |p 2097230 |r 2025-01-17 |w 2019-11-21 |y BK_X |k ICR | ||
| 952 | |0 0 |1 0 |4 0 |6 262_000000000000000_COL_1920 |7 0 |8 X |9 372045 |a BIBTEO |b BIBTEO |d 2019-11-21 |h vt.3 |i 2102382 |o 262 COL 1920 |p 2102382 |r 2025-01-17 |w 2019-11-21 |y BK_X |k ICR | ||
| 952 | |0 0 |1 0 |4 0 |6 262_000000000000000_COL_1920 |7 0 |8 X |9 372046 |a BIBTEO |b BIBTEO |d 2019-11-21 |h t.4 |i 2097249 |o 262 COL 1920 |p 2097249 |r 2025-01-17 |w 2019-11-21 |y BK_X |k ICR | ||
| 952 | |0 0 |1 0 |4 0 |6 262_000000000000000_COL_1920 |7 0 |8 X |9 372047 |a FDOBUD |b FDOBUD |d 2019-11-21 |h t.3 |i 4737520 |o 262 COL 1920 |p 4737520 |r 2019-11-21 |w 2019-11-21 |y BK_X |k BUD | ||